| 000 | 01095cam a2200313L 4500 | ||
|---|---|---|---|
| 001 | 58461 | ||
| 005 | 20230410124135.0 | ||
| 008 | 980707s1959 mx 000 0 spa d | ||
| 035 | _a(OCoLC)ocn173480156 | ||
| 040 |
_aBM _cAOW |
||
| 029 | 1 |
_aAU@ _b000006407289 |
|
| 035 | _a(OCoLC)173480156 | ||
| 049 | _aGRAL | ||
| 050 | 1 | 4 |
_aNA 830 _bB977a 1959 |
| 082 | 0 | 0 | _a720.982 |
| 100 | 1 |
_aBuschiazzo, Mario José, _d1902- |
|
| 245 | 1 | 0 |
_aArgentina : _bmonumentos históricos y arqueológicos / _cpor Mario J. Buschiazzo |
| 260 |
_aMexico, _c1959. |
||
| 300 |
_a174 p. : _bplates ; _coctavo. |
||
| 490 | 1 |
_aInstituto Panamericano de geografia e historia. Comision de historia. Publicaciones ; _vno.90 |
|
| 650 | 0 |
_aArchitecture _zArgentina. |
|
| 650 | 0 |
_aMonuments _zArgentina. |
|
| 650 | 4 | _aArquitectura argentina. | |
| 650 | 4 |
_aMonumentos _zArgentina. |
|
| 830 | 0 |
_aPublicación (Pan American Institute of Geography and History). _pInstituto Panamericano de Geografía e Historia, Comisión de Historia (Series) ; _vno.90. |
|
| 942 |
_2lcc _cbk |
||
| 946 | _almminaya | ||
| 994 |
_aC0 _bDRFGD |
||
| 999 |
_c71789 _d71789 |
||